Challenges of peace building in: (Record no. 156601)

MARC details
000 -LEADER
fixed length control field 00624nam a22001937a 4500
005 - DATE AND TIME OF LATEST TRANSACTION
control field 20180829153040.0
010 ## - LCCN (DPL NO)
LC control number ENG-123791
020 ## - INTERNATIONAL STANDARD BOOK NUMBER
International Standard Book Number 9789383316755
Terms of availability 1295.00
035 ## - SYSTEM CONTROL NUMBER
System control number EN-107323
037 ## - SOURCE OF ACQUISITION
Source of stock number/acquisition DBAD/PUB
082 ## - DEWEY DECIMAL CLASSIFICATION NUMBER
Classification number 327.17209581
100 ## - MAIN ENTRY--PERSONAL NAME
Personal name Roy, D.N.
245 ## - TITLE STATEMENT
Title Challenges of peace building in:
Statement of responsibility, etc by D.N. Roy
Remainder of title afghanistan /
260 ## - PUBLICATION, DISTRIBUTION, ETC. (IMPRINT)
Place of publication, distribution, etc New Delhi
Name of publisher, distributor, etc Gaurav Book Centre
Date of publication, distribution, etc 2017
270 ## - ADDRESS
Address 4832/24, Prahlad Lane, S-207, Ansari Road, Daryaganj,
City New Delhi
Postal code 110002
300 ## - PHYSICAL DESCRIPTION
Extent 328p.
Dimensions 22cm.(Hb)
500 ## - GENERAL NOTE
General note It includes bibliography and index
942 ## - ADDED ENTRY ELEMENTS (KOHA)
Source of classification or shelving scheme Dewey Decimal Classification
Item type English Books
Classification part 327.17209581
Call number suffix ROY
Holdings
Withdrawn status Lost status Not for loan Collection code Home library Current library Date acquired Source of acquisition Cost, normal purchase price Full call number Barcode Copy number Cost, replacement price Koha item type
    Not For Loan Non-fiction D.B.Act.Division Bawana 29/08/2018 DBAD/PUB 1295.00 327.17209581 ROY EN-107323 1 1295.00 English Books

© Delhi Public Library
Hit Counter
free hit counter